000
00282nam a2200121Ia 4500
003
GCL
008
140319s9999 xx 000 0 ara d
040
_a
GCL /
_c
GCL
082
0
4
_a
لية
245
1
0
_a
965
300
_a
رين
490
_a
المكتبة الحديثة للاطفال
_v
0
999
_c
27485
_d
27485